[Event "Vignola op 5th"]
[Site "Vignola"]
[Date "2006.11.26"]
[Round "4"]
[White "Muccini, Andrea"]
[Black "Mancini, Andrea"]
[Result "0-1"]
[WhiteElo "1599"]
[BlackElo "1553"]
[PlyCount "96"]
[EventDate "2006.11.24"]
[EventType "swiss"]
[EventRounds "5"]
[EventCountry "ITA"]
[SourceTitle "EXT 2011"]
[Source "ChessBase"]
[SourceDate "2010.11.26"]
[SourceVersion "1"]
[SourceVersionDate "2010.11.26"]
[SourceQuality "1"]

1. e4 d6 2. Nc3 g6 3. b3 Bg7 4. Bb2 e5 5. Nge2 Nf6 6. g3 Be6 7. d3 Qd7 8. Qd2 0-0 9. 0-0-0 Ng4 10. Qe1 f5 11. h3 Nf6 12. Bg2 Nc6 13. Rf1 fxe4 14. Nxe4 Bxh3 15. Bxh3 Qxh3 16. Rh1 Qf5 17. Nxf6+ Rxf6 18. f4 Rf7 19. Rf1 Qe6 20. Nd4 Nxd4 21. Bxd4 Qe7 22. fxe5 Rxf1 23. Qxf1 Bxe5 24. Qe1 Re8 25. Bxa7 b6 26. Bb8 Rxb8 27. d4 Bf6 28. Qxe7 Bxe7 29. a4 Re8 30. Re1 Bg5+ 31. Kd1 Rxe1+ 32. Kxe1 Kf7 33. b4 Bf6 34. c3 c5 35. a5 bxa5 36. bxa5 Bd8 37. dxc5 dxc5 38. a6 Bb6 39. Ke2 Ke7 40. Ke3 Kd7 41. Kf4 Kc7 42. Kg5 Kb8 43. Kh6 Ka7 44. Kxh7 Kxa6 45. Kxg6 Ka5 46. Kf5 Kb5 47. g4 Bd8 48. Kf4 Kc4 0-1